Co to za logo na literę S? - Statystyki

Ogólne statystyki
  • Ten quiz został rozwiązany 7 070 razy
    6 992 od ostatniego zresetowania
  • Średni wynik to 16 z 20
Statystyki odpowiedzi
Obrazkowy Odpowiedź % Poprawnych
Snickers
99%
Sprite
99%
Samsung
98%
Snapchat
98%
Spotify
98%
Skoda
97%
Starbucks
97%
Shell
95%
Sokołów
95%
Subway
94%
Skype
93%
Skittles
92%
Smyk
90%
Suzuki
81%
Santander
80%
Subaru
80%
Safari
73%
Swarovski
30%
Skechers
28%
Squarespace
6%
Nie znaleziono quizów pasujących do podanych kryteriów
Rozkład punktacji
Procent ludzi z każdym wynikiem
Percentyl według liczby udzielonych odpowiedzi
Twoja historia wyników
Nie rozwiązałeś tego quizu od ostatniego zresetowania